Logo BPK

Biblioteka

Politechniki Koszalińskiej

Oszustwa bez tajemnic : (Rekord nr 42564)

Szczegóły MARC
000 -ETYKIETA REKORDU
podpole kontrolne o stałej długości 00834nam a2200253 i 4500
001 - NUMER KONTROLNY REKORDU
pole kontrolne bg
020 ## - MIĘDZYNARODOWY ZNORMALIZOWANY NUMER KSIĄŻKI - ISBN
ISBN 8391679918
020 ## - MIĘDZYNARODOWY ZNORMALIZOWANY NUMER KSIĄŻKI - ISBN
ISBN 9025951422 (oryg.)
040 ## - ŹRÓDŁO KATALOGOWANIA
Instytucja, która utworzyła rekord BPK
041 1# - KOD JĘZYKA
Kod języka tekstu pol
Kod języka oryginału dut
080 ## - UNIWERSALNA KLASYFIKACJA DZIESIĘTNA - UKD
UKD 328.18:343.35](4-67)
920 ## - Międzynarodowy znormalizowany numer książki – ISBN
ISBN 83-916799-1-8
920 ## - Międzynarodowy znormalizowany numer książki – ISBN
ISBN 90-259-5142-2 (oryg.)
008 - POLE O STAŁEJ DŁUGOŚCI - DANE KONTROLNE
podpole kontrolne o stałej długości s pl f |000 0 pol
100 1# - NAZWA OSOBOWA
Nazwa osobowa Van |BUITENEN, Paul
245 10 - TYTUŁ/ODPOWIEDZIALNOŚĆ
Tytuł Oszustwa bez tajemnic :
Ciąg dalszy tytułu korupcja w Unii Europejskiej /
Pozostałe elementy strefy tytułu i oznaczenia odpowiedzialności Paul van Buitenen ; [tł. Zofia Lorenc-Patlewicz, Sławomir Patlewicz].
260 ## - STREFA ADRESU WYDAWNICZEGO
Miejsce wydania Wrocław :
Nazwa wydawcy/dystrybutora EON,
Data publikacji, dystrybucji/powstania dokumentu 2002.
300 ## - STREFA OPISU FIZYCZNEGO
Objętość 221 s. ;
Rozmiary 20 cm.
650 #9 - HASŁO PRZEDMIOTOWE W FORMIE NAZWY OGÓLNEJ LUB JEDNOSTKOWEJ
Nazwa ogólna lub geograficzna Łapownictwo
Określnik ogólny Unia Europejska
700 1# - HASŁO DODATKOWE - NAZWA OSOBOWA
Nazwa osobowa LORENC-PATLEWICZ, Zofia.
Określenie związku między hasłem a opisywanym materiałem Tł.
700 1# - HASŁO DODATKOWE - NAZWA OSOBOWA
Nazwa osobowa PATLEWICZ, Sławomir.
Określenie związku między hasłem a opisywanym materiałem Tł.
856 ## - LOKALIZACJA I DOSTĘP DO ELEKTRONICZNYCH DOKUMENTÓW ZDALNYCH
Link (URL) http://koha.tu.koszalin.pl/cgi-bin/koha/opac-detail.pl?biblionumber=42564
Tekst linku Katalog online BPK
942 ## - DODATKOWE ELEMENTY (KOHA)
Typ dokumentu Książka
Egzemplarze
Wycofany Status egzemplarza Uszkodzony Dostępność Lokalizacja stała Lokalizacja bieżąca Miejsce przechowywania Sygnatura Kod kreskowy Ostatnio wypożyczono Typ dokumentu
      Dostępny Biblioteka Politechniki Koszalińskiej Biblioteka Politechniki Koszalińskiej Wypożyczalnia BG 66892 01980707 26.11.2022 Książka
© 2023 Biblioteka Politechniki Koszalińskiej :: KOHA